| 000 | 00536nam a22001697a 4500 | ||
|---|---|---|---|
| 999 |
_c8967 _d8967 |
||
| 008 | 210308b ||||| |||| 00| 0 eng d | ||
| 040 | _aBMS College of Architecture | ||
| 100 | _aDav, M, Sudeep | ||
| 245 | _aInnovative platform for the city design innovation hub | ||
| 300 | _a87p. | ||
| 500 | _a1BM08AT056 | ||
| 502 |
_8B.Arch _NBMS College of Architecture, Visvesvaraya Technological University (VTU) _aProject report _d2013 |
||
| 650 | _aCity | ||
| 700 |
_aVaseem A S _eGuide |
||
| 700 |
_aSathish S Rao _eGuide |
||
| 942 |
_2ddc _cTHE |
||